000 01034cam a2200229 a 4500
999 _c58138
_d58138
001 17457145
005 20210625131038.0
008 120910s2013 enka b 001 0 eng
020 _a9780199838554
041 _aeng
080 _a376.33 E-12
100 1 _aEasterbrooks, Susan R.
_912130
245 1 0 _aLiteracy instruction for students who are deaf and hard of hearing /
_cSusan R. Easterbrooks and Jennifer Beal-Alvarez.
264 _aNew York :
_bOxford University Press,
_c2013.
300 _a280 p. :
_bill. ;
_c24 cm.
653 _aსმენადაქვეითებული
653 _aСлабослышащие
653 _aწიგნიერების ინსტრუქცია ყრუ და სმენადაქვეითებული სტუდენტებისათვის
653 _aОбучение грамоте для глухих и слабослышащих учащихся
700 1 _aBeal-Alvarez, Jennifer.
_eავტორი
_912131
942 _2udc
_cBK